| 000 | 00424nam a2200145 4500 | ||
|---|---|---|---|
| 001 | 132825 | ||
| 003 | ES-MaACL | ||
| 007 | t| | ||
| 008 | 070214s1942 sp r ||||1| spa d | ||
| 100 | 1 |
_aRosal, Juan del. _999636 |
|
| 245 | 1 | 0 |
_aAcerca del pensamiento penal espaƱol y otros problemas penales / _cJuan del Rosal. |
| 260 |
_aMadrid : _bAldecoa, _c1942. |
||
| 300 |
_a288 p. ; _c20 cm. |
||
| 852 |
_aES-MaACL _jE-709 _bR.20544 |
||
| 999 |
_c132825 _d132825 |
||